000
00289nam a22001217a 4500
008
171030b xxu||||| |||| 00| 0 eng d
041
_a
eng
080
_2
5 ED
_a
336
100
_a
57
101
_a
FIN
245
_a
CORPORATE FINANCE CASES AND MATERIALS
_c
BRATTON.W.W
942
_2
udc
_c
BK
999
_c
36434
_d
36434